000 00206 a2200097 4500
001 6879
100 _aGeyelin, P
245 _aLyndon B Johnson & th World
260 _a
_bPall Mall
_c
090 _c5685
_d5685
942 _aNUST-CAE
_cM
_c32139
999 _c241952
_d241952